| 000 | 00543nam a22002177a 4500 | ||
|---|---|---|---|
| 003 | OSt | ||
| 005 | 20220107122834.0 | ||
| 008 | 170928b xxu||||| |||| 00| 0 eng d | ||
| 020 | _a9789332536678 | ||
| 040 | _cIIITMK | ||
| 082 | _a570.72 ZAR/B | ||
| 100 |
_aZar, Jerrold H _913115 |
||
| 245 | _aBiostatistical analysis | ||
| 250 | _a5 | ||
| 260 |
_aNoida, _bPearson Education, _c2014. |
||
| 300 | _a756p. | ||
| 650 |
_aPROBABILITIES _913116 |
||
| 650 |
_aHYPOTHESES _913117 |
||
| 650 |
_aBIOSTATISTICAL ANALYSIS _913118 |
||
| 942 |
_2ddc _cBK |
||
| 999 |
_c5878 _d5878 |
||